000 00572nam a22002177a 4500
005 20170124110104.0
010 _a521177
020 _c00.00
_a233960287
035 _a521177
037 _bCen Lib/Ret
040 _aDPL
_bEN
082 _aMN-
_bCUN
100 _aCunnningham, E.V.
_927800
245 _aSamantha /
_cby E.V. Cunningham
260 _aLondon
_bAndre Deutsch
_c1967
270 _bLondon
_a105 Great Russel Street
300 _a206p.
_c17cm(Hb)
650 _aEnglish literature
_986088
650 _aNovels
_913976
942 _2ddc
_cEN
_hMN-
_mCUN
999 _c129924
_d129924